عرض عادي
عرض مارك
- Johnston, Mike,
مدخل إسم شخص
001 - رقم الضبط
- حقل الضبط: 13662
003 - معرف رقم الضبط
- حقل الضبط: OSt
005 - تاريخ ووقت أخر عملية
- حقل الضبط: 20120510182753.0
008 - عناصر بيانات ثابتة الطول
- حقل تحكم ثابت الطول: 120510|||a|||||| | ||| d
040 ## - مصدر الفهرسة
- هيئة الفهرسة الأصلية: OSt
- وكالة الكتابة: OSt
100 ## - مدخل -- أسم شخص
- إسم شخص: Johnston, Mike,
- العنوان و الكلمات الأخري المرتبطة بالأسم: CPhT.
670 ## - بيانات المصدر موجوده
- الاستشهاد بالمصدر: Work cat.: (OSt)0: Johnston, Mike, CPhT., Sterile products and aseptic techniques for the pharmacy technician /, 2011.
